Fr. Conceicao Rodrigues College of Engineering

Integrated circuits for linear application : databook (Record no. 25468)

MARC details
000 -LEADER
fixed length control field 00344nam a2200145Ia 4500
082 ## - DEWEY DECIMAL CLASSIFICATION NUMBER
Classification number 621.38173
Item number RCA
100 ## - MAIN ENTRY--PERSONAL NAME
Personal name RCA solid state
250 ## - EDITION STATEMENT
Edition statement 6
245 ## - TITLE STATEMENT
Title Integrated circuits for linear application : databook
260 ## - PUBLICATION, DISTRIBUTION, ETC.
Name of publisher, distributor, etc. RCA solid state
Place of publication, distribution, etc. London
Date of publication, distribution, etc. 1986
300 ## - PHYSICAL DESCRIPTION
Extent 1114
546 ## - LANGUAGE NOTE
Language note ENGLISH
654 ## - SUBJECT ADDED ENTRY--FACETED TOPICAL TERMS
Focus term integrated
942 ## - ADDED ENTRY ELEMENTS (KOHA)
Koha item type BOOK
Holdings
Withdrawn status Lost status Damaged status Not for loan Collection Home library Current library Date acquired Source of acquisition Cost, normal purchase price Inventory number Total Checkouts Full call number Barcode Date last seen Cost, replacement price Price effective from Koha item type
        CRC Fr. Agnel's C.Rodrigues College of Engineering Fr. Agnel's C.Rodrigues College of Engineering 17/03/2023 Progressive Books 400.00 2238 dt 9.6.92   621.38173 RCA 3618 17/03/2023 400.00 09/06/1992 BOOK